[Event "POL-chT 56th"]
[Site "Zakopane"]
[Date "2000.09.11"]
[Round "9"]
[White "Szmigielska, Anna"]
[Black "Wiliczkiewicz, Zdzislawa"]
[Result "1-0"]
[WhiteElo "2170"]
[BlackElo "2081"]
[PlyCount "89"]
[EventDate "2000.09.02"]
[EventType "team-tourn"]
[EventRounds "11"]
[EventCountry "POL"]
[SourceTitle "EXT 2019"]
[Source "ChessBase"]
[SourceDate "2018.10.10"]
[SourceVersion "1"]
[SourceVersionDate "2018.10.10"]
[SourceQuality "1"]
[WhiteTeam "Suwalki Hancza"]
[BlackTeam "Zabrze Budosak"]
[WhiteTeamCountry "POL"]
[BlackTeamCountry "POL"]

1. e4 e5 2. Nf3 Nc6 3. Nc3 Nf6 4. d4 exd4 5. Nxd4 Bb4 6. Nxc6 bxc6 7. Bd3 d6 8. Bg5 h6 9. Bh4 Qe7 10. 0-0 g5 11. Bg3 Ng4 12. e5 Nxe5 13. Be4 0-0 14. Bxe5 Qxe5 15. Bxc6 Bxc3 16. bxc3 Rb8 17. c4 Bb7 18. Re1 Qf6 19. Qd5 Bc8 20. Qa5 Rb2 21. Rac1 Bf5 22. Qxa7 Bxc2 23. a4 Qf4 24. Bb5 Be4 25. Qe3 Qxe3 26. Rxe3 Bf5 27. h3 Rd8 28. Re7 Rc8 29. c5 dxc5 30. Rxc5 Be6 31. Rexc7 Rd8 32. Rc2 Rb1+ 33. Kh2 Rdd1 34. Kg3 Kg7 35. Be2 Rb3+ 36. R2c3 Rdb1 37. a5 Rxc3+ 38. Rxc3 Ra1 39. a6 h5 40. h4 gxh4+ 41. Kxh4 Kg6 42. Bxh5+ Kf6 43. Be2 Ra2 44. Rf3+ Kg7 45. Rg3+ 1-0

[Event "POL-chT 56th"]
[Site "Zakopane"]
[Date "2000.09.06"]
[Round "5"]
[White "Jaracz, Barbara"]
[Black "Wiliczkiewicz, Zdzislawa"]
[Result "1/2-1/2"]
[WhiteElo "2318"]
[BlackElo "2081"]
[PlyCount "76"]
[EventDate "2000.09.02"]
[EventType "team-tourn"]
[EventRounds "11"]
[EventCountry "POL"]
[SourceTitle "EXT 2019"]
[Source "ChessBase"]
[SourceDate "2018.10.10"]
[SourceVersion "1"]
[SourceVersionDate "2018.10.10"]
[SourceQuality "1"]
[WhiteTeam "Lublin UMCS"]
[BlackTeam "Zabrze Budosak"]
[WhiteTeamCountry "POL"]
[BlackTeamCountry "POL"]

1. e4 e5 2. Nf3 Nc6 3. Bb5 Nf6 4. 0-0 Bc5 5. c3 0-0 6. d4 Bb6 7. Bg5 h6 8. Bh4 d6 9. Qd3 Qe7 10. Nbd2 Nb8 11. Rfe1 c6 12. Ba4 Rd8 13. Bc2 Nbd7 14. Nc4 Nf8 15. Bg3 Bc7 16. Nh4 Nh5 17. Ne3 g6 18. Nf3 Nh7 19. Nf1 Qf6 20. N3d2 Nxg3 21. hxg3 Kg7 22. Ne3 Ng5 23. Bb3 h5 24. Rad1 Rh8 25. Rf1 Ne6 26. Nf3 Bd7 27. Qe2 Rad8 28. Rd2 Bc8 29. Rfd1 Rde8 30. Nc4 Ng5 31. dxe5 Nxf3+ 32. gxf3 dxe5 33. Nd6 Re7 34. Nxc8 Rxc8 35. Rd7 Rce8 36. Rxe7 Rxe7 37. g4 Re8 38. Qd2 g5 1/2-1/2

[Event "POL-chT 2nd League South"]
[Site "Wisla"]
[Date "1998.??.??"]
[Round "?"]
[White "Jaracz, Barbara"]
[Black "Wiliczkiewicz, Zdzislawa"]
[Result "1/2-1/2"]
[WhiteElo "2195"]
[BlackElo "2085"]
[PlyCount "75"]
[EventDate "1998.11.20"]
[EventType "team-swiss"]
[EventRounds "10"]
[EventCountry "POL"]
[SourceTitle "EXT 2000"]
[Source "ChessBase"]
[SourceDate "1999.11.16"]
[SourceVersion "1"]
[SourceVersionDate "1999.11.16"]
[SourceQuality "1"]

1. e4 e5 2. Nf3 Nc6 3. Bb5 Nf6 4. 0-0 Bc5 5. c3 0-0 6. d4 Bb6 7. Bg5 h6 8. Bh4 d6 9. Bxc6 bxc6 10. dxe5 dxe5 11. Nbd2 Qe7 12. Qc2 Bg4 13. Bg3 Nd7 14. h3 Bh5 15. c4 a5 16. b3 Bc5 17. Qb2 Ba3 18. Qc2 Bc5 19. Rfd1 Rfe8 20. Re1 Red8 21. Rab1 Bb4 22. Re3 Bc5 23. Rd3 f6 24. Nf1 Bxf3 25. Rxf3 Nf8 26. Rd1 Rxd1 27. Qxd1 Rd8 28. Rd3 Rxd3 29. Qxd3 Ne6 30. Nd2 Qd6 31. Qxd6 cxd6 32. Kf1 Nd4 33. f3 Nc2 34. Bf2 Bxf2 35. Kxf2 Nb4 36. a3 Nc2 37. a4 Nd4 38. Ke3 1/2-1/2

[Event "POL-chT 51st"]
[Site "Lubniewice"]
[Date "1995.09.??"]
[Round "8"]
[White "Szmigielska, Anna"]
[Black "Wiliczkiewicz, Zdzislawa"]
[Result "0-1"]
[WhiteElo "2170"]
[BlackElo "2095"]
[PlyCount "54"]
[EventDate "1995.09.14"]
[EventType "team-tourn"]
[EventRounds "11"]
[EventCountry "POL"]
[SourceTitle "EXT 2019"]
[Source "ChessBase"]
[SourceDate "2018.10.10"]
[SourceVersion "1"]
[SourceVersionDate "2018.10.10"]
[SourceQuality "1"]
[WhiteTeam "Legnica Miedz"]
[BlackTeam "Zabrze Gornik"]
[WhiteTeamCountry "POL"]
[BlackTeamCountry "POL"]

1. e4 e5 2. Nf3 Nc6 3. Bc4 Nf6 4. d3 Bc5 5. c3 a6 6. Bb3 Ba7 7. 0-0 d6 8. Nbd2 0-0 9. Nc4 b5 10. Ne3 Ne7 11. Nh4 d5 12. Nxd5 Nexd5 13. exd5 Nxd5 14. Qf3 c6 15. Qg3 Kh8 16. Nf3 f6 17. Qh4 Re8 18. Qh5 Be6 19. d4 e4 20. Nh4 Qd7 21. Bc2 Bg4 22. Ng6+ Kg8 23. Qh4 hxg6 24. h3 Bf5 25. Re1 e3 26. Bxf5 exf2+ 27. Qxf2 Qxf5 0-1

[Event "POL-chT 51st"]
[Site "Lubniewice"]
[Date "1995.09.??"]
[Round "11"]
[White "Wiliczkiewicz, Zdzislawa"]
[Black "Erenska Barlo, Hanna"]
[Result "0-1"]
[WhiteElo "2095"]
[BlackElo "2230"]
[PlyCount "78"]
[EventDate "1995.09.14"]
[EventType "team-tourn"]
[EventRounds "11"]
[EventCountry "POL"]
[SourceTitle "EXT 2019"]
[Source "ChessBase"]
[SourceDate "2018.10.10"]
[SourceVersion "1"]
[SourceVersionDate "2018.10.10"]
[SourceQuality "1"]
[WhiteTeam "Zabrze Gornik"]
[BlackTeam "Poznan Pocztowiec"]
[WhiteTeamCountry "POL"]
[BlackTeamCountry "POL"]

1. e4 c5 2. Nc3 e6 3. f4 d5 4. Bb5+ Bd7 5. Bxd7+ Qxd7 6. d3 d4 7. Nce2 Nf6 8. Nf3 Nc6 9. 0-0 Be7 10. Ng3 h6 11. Kh1 Ng4 12. Qe2 0-0-0 13. h3 Nf6 14. Ne5 Qe8 15. Nxc6 Qxc6 16. c4 Rdg8 17. a3 g5 18. Kh2 Rh7 19. e5 Nd7 20. Qe4 Qxe4 21. Nxe4 g4 22. Bd2 Rhg7 23. g3 gxh3 24. Kxh3 f5 25. exf6 Nxf6 26. Rg1 Nxe4 27. dxe4 h5 28. Raf1 Rg4 29. Be1 e5 30. Kh2 Kd7 31. Rf3 h4 32. Rgf1 hxg3+ 33. Bxg3 exf4 34. Bxf4 Rg2+ 35. Kh3 Rxb2 36. R1f2 Rb1 37. Kh2 Rh8+ 38. Kg2 Rg8+ 39. Rg3 Rxg3+ 0-1

[Event "POL-chT 50th"]
[Site "Lubniewice"]
[Date "1994.??.??"]
[Round "2"]
[White "Litynska, Marta"]
[Black "Wiliczkiewicz, Zdzislawa"]
[Result "1-0"]
[WhiteElo "2295"]
[BlackElo "2010"]
[PlyCount "55"]
[EventDate "1994.09.22"]
[EventType "team-tourn"]
[EventRounds "11"]
[EventCountry "POL"]
[SourceTitle "EXT 2019"]
[Source "ChessBase"]
[SourceDate "2018.10.10"]
[SourceVersion "1"]
[SourceVersionDate "2018.10.10"]
[SourceQuality "1"]
[WhiteTeam "Gdansk Gedania"]
[BlackTeam "Zabrze Gornik"]
[WhiteTeamCountry "POL"]
[BlackTeamCountry "POL"]

1. d4 d6 2. Nf3 Nf6 3. c4 c6 4. Nc3 Bg4 5. e4 Nbd7 6. h3 Bh5 7. Be3 e5 8. Be2 Be7 9. Qd2 0-0 10. 0-0 Bg6 11. Bd3 exd4 12. Nxd4 Nc5 13. Nf5 Nfxe4 14. Nxe4 Nxd3 15. Neg3 Ne5 16. b3 Qd7 17. Nxe7+ Qxe7 18. f4 Nd7 19. f5 Qh4 20. Kh2 Qe7 21. fxg6 hxg6 22. Rad1 Nf6 23. Bg5 Qe5 24. Rde1 Qc5 25. Rxf6 gxf6 26. Bxf6 Kh7 27. Bd4 Qa3 28. Qg5 1-0

[Event "POL-ch (Women)"]
[Site "Biala Podlaska"]
[Date "1994.??.??"]
[Round "5"]
[White "Rajlich, Iweta"]
[Black "Wiliczkiewicz, Zdzislawa"]
[Result "1-0"]
[WhiteElo "2085"]
[BlackElo "2010"]
[PlyCount "63"]
[EventDate "1994.??.??"]
[EventType "swiss"]
[EventRounds "11"]
[EventCountry "POL"]
[SourceTitle "EXT 2001"]
[Source "ChessBase"]
[SourceDate "2000.11.22"]
[SourceVersion "1"]
[SourceVersionDate "2000.11.22"]
[SourceQuality "1"]

1. d4 d6 2. Nf3 Nf6 3. Bg5 Nbd7 4. e3 c6 5. Be2 e5 6. dxe5 dxe5 7. 0-0 Be7 8. c4 0-0 9. Nc3 Qc7 10. Qc2 Re8 11. Nd2 a5 12. a3 b6 13. Bf3 Rb8 14. Rac1 Bf8 15. Rfd1 Ba6 16. Qb1 Rbc8 17. b4 Bb7 18. Qb3 axb4 19. axb4 Ra8 20. Bxf6 Nxf6 21. Nde4 Nxe4 22. Nxe4 Red8 23. c5 Rxd1+ 24. Rxd1 Bc8 25. Nd6 Be6 26. Qc3 Ra4 27. h3 f6 28. Bg4 Ba2 29. Ra1 Kh8 30. Be6 Bb3 31. Bxb3 Rxa1+ 32. Qxa1 1-0

[Event "POL-chT 50th"]
[Site "Lubniewice"]
[Date "1994.??.??"]
[Round "4"]
[White "Sikora Gizynska, Bozena"]
[Black "Wiliczkiewicz, Zdzislawa"]
[Result "0-1"]
[WhiteElo "2170"]
[BlackElo "2010"]
[PlyCount "75"]
[EventDate "1994.09.22"]
[EventType "team-tourn"]
[EventRounds "11"]
[EventCountry "POL"]
[SourceTitle "EXT 2019"]
[Source "ChessBase"]
[SourceDate "2018.10.10"]
[SourceVersion "1"]
[SourceVersionDate "2018.10.10"]
[SourceQuality "1"]
[WhiteTeam "Bielsko-Biala Wlokniarz"]
[BlackTeam "Zabrze Gornik"]
[WhiteTeamCountry "POL"]
[BlackTeamCountry "POL"]

1. e4 e5 2. Nf3 Nc6 3. Bc4 Nf6 4. d3 Bc5 5. 0-0 d6 6. c3 a6 7. Bb3 Ba7 8. Nbd2 0-0 9. Nc4 b5 10. Ne3 Ne7 11. a4 Bb7 12. Re1 Ng6 13. Nf5 c5 14. axb5 axb5 15. c4 bxc4 16. Bxc4 Qd7 17. Bg5 Ne8 18. Qb3 h6 19. N3h4 Kh7 20. Bd2 Nxh4 21. Nxh4 g6 22. Re3 Ng7 23. Rg3 Nh5 24. Rh3 Bc6 25. Nf5 gxf5 26. Rxh5 f4 27. Ra6 Rab8 28. Qc2 Qg4 29. f3 Qxh5 30. Rxc6 Rb7 31. Rxd6 Rg8 32. Kh1 Qh4 33. g3 Qh3 34. Kg1 Rb6 35. Rxb6 Bxb6 36. Be1 Rg7 37. b3 h5 38. Qg2 0-1

[Event "POL-chT 50th"]
[Site "Lubniewice"]
[Date "1994.??.??"]
[Round "7"]
[White "Szmigielska, Anna"]
[Black "Wiliczkiewicz, Zdzislawa"]
[Result "1/2-1/2"]
[WhiteElo "2170"]
[BlackElo "2010"]
[PlyCount "52"]
[EventDate "1994.09.22"]
[EventType "team-tourn"]
[EventRounds "11"]
[EventCountry "POL"]
[SourceTitle "EXT 2019"]
[Source "ChessBase"]
[SourceDate "2018.10.10"]
[SourceVersion "1"]
[SourceVersionDate "2018.10.10"]
[SourceQuality "1"]
[WhiteTeam "Legnica Miedz"]
[BlackTeam "Zabrze Gornik"]
[WhiteTeamCountry "POL"]
[BlackTeamCountry "POL"]

1. d4 Nf6 2. Nf3 d6 3. c3 Nbd7 4. Qc2 e5 5. e4 Be7 6. Be2 0-0 7. 0-0 c6 8. Nbd2 Re8 9. dxe5 dxe5 10. Rd1 Qc7 11. Nf1 a5 12. h3 h6 13. Ng3 Bc5 14. Nh2 Nf8 15. Ng4 Nxg4 16. Bxg4 Bxg4 17. hxg4 Ne6 18. Nf5 Red8 19. Be3 Bxe3 20. Nxe3 Rxd1+ 21. Rxd1 Rd8 22. Rd2 Rxd2 23. Qxd2 Nc5 24. f3 b5 25. Nf5 Na6 26. Kf2 Kf8 1/2-1/2

[Event "POL-chT 50th"]
[Site "Lubniewice"]
[Date "1994.??.??"]
[Round "5"]
[White "Wiliczkiewicz, Zdzislawa"]
[Black "Byczynska, Joanna"]
[Result "1-0"]
[WhiteElo "2010"]
[BlackElo "2095"]
[PlyCount "87"]
[EventDate "1994.09.22"]
[EventType "team-tourn"]
[EventRounds "11"]
[EventCountry "POL"]
[SourceTitle "EXT 2019"]
[Source "ChessBase"]
[SourceDate "2018.10.10"]
[SourceVersion "1"]
[SourceVersionDate "2018.10.10"]
[SourceQuality "1"]
[WhiteTeam "Zabrze Gornik"]
[BlackTeam "Bydgoszcz Chemik"]
[WhiteTeamCountry "POL"]
[BlackTeamCountry "POL"]

1. e4 c5 2. c3 d5 3. exd5 Qxd5 4. d4 Nf6 5. Nf3 e6 6. Na3 Qd8 7. Bf4 Nc6 8. dxc5 Qxd1+ 9. Rxd1 Bxc5 10. Nb5 0-0 11. Bd6 Bxd6 12. Nxd6 a6 13. Be2 Rd8 14. Ng5 Rd7 15. 0-0 Nd5 16. Nge4 f5 17. Nxc8 Rxc8 18. Nc5 Re7 19. Nxb7 Rb8 20. Bxa6 Nc7 21. Nc5 Nxa6 22. Nxa6 Rxb2 23. a4 Rb3 24. Rc1 Ra3 25. Nc5 Na5 26. h3 Rc7 27. Nxe6 Rcxc3 28. Rxc3 Rxc3 29. Rd1 Kf7 30. Rd5 Kxe6 31. Rxa5 Ra3 32. g3 f4 33. g4 f3 34. Kh2 h6 35. Kg3 g6 36. Ra6+ Kf7 37. a5 Kg7 38. Ra7+ Kg8 39. h4 Kf8 40. a6 Kg8 41. g5 hxg5 42. hxg5 Ra5 43. Kxf3 Rxg5 44. Rb7 1-0

[Event "POL-chT 50th"]
[Site "Lubniewice"]
[Date "1994.??.??"]
[Round "1"]
[White "Wiliczkiewicz, Zdzislawa"]
[Black "Erenska Barlo, Hanna"]
[Result "1-0"]
[WhiteElo "2010"]
[BlackElo "2225"]
[PlyCount "87"]
[EventDate "1994.09.22"]
[EventType "team-tourn"]
[EventRounds "11"]
[EventCountry "POL"]
[SourceTitle "EXT 2019"]
[Source "ChessBase"]
[SourceDate "2018.10.10"]
[SourceVersion "1"]
[SourceVersionDate "2018.10.10"]
[SourceQuality "1"]
[WhiteTeam "Zabrze Gornik"]
[BlackTeam "Poznan Pocztowiec"]
[WhiteTeamCountry "POL"]
[BlackTeamCountry "POL"]

1. e4 c5 2. Nc3 Nc6 3. f4 e6 4. Nf3 d5 5. Bb5 Nf6 6. Bxc6+ bxc6 7. d3 Be7 8. 0-0 0-0 9. Qe1 c4 10. e5 Nd7 11. dxc4 Ba6 12. b3 dxc4 13. Rf2 Qa5 14. Bd2 Bc5 15. Be3 Bb4 16. Bd2 Bc5 17. Be3 Bxe3 18. Qxe3 cxb3 19. cxb3 Nc5 20. Rd1 Rfd8 21. Rfd2 Rxd2 22. Rxd2 h6 23. Rd6 Rc8 24. h3 Nb7 25. Rd7 c5 26. Nd2 Rd8 27. Rxd8+ Qxd8 28. Nde4 Qd4 29. Qxd4 cxd4 30. Na4 Kf8 31. Kf2 Bb5 32. Nac5 Bc6 33. Nxb7 Bxe4 34. Nc5 Bb1 35. a3 Ke7 36. Ke2 f5 37. b4 g5 38. g3 Be4 39. Nxe4 fxe4 40. fxg5 hxg5 41. a4 Kd7 42. h4 gxh4 43. gxh4 Kc6 44. h5 1-0

[Event "POL-chT 50th"]
[Site "Lubniewice"]
[Date "1994.??.??"]
[Round "3"]
[White "Wiliczkiewicz, Zdzislawa"]
[Black "Ostoja Domaradzka, Anna"]
[Result "1/2-1/2"]
[WhiteElo "2010"]
[BlackElo "2095"]
[PlyCount "124"]
[EventDate "1994.09.22"]
[EventType "team-tourn"]
[EventRounds "11"]
[EventCountry "POL"]
[SourceTitle "EXT 2019"]
[Source "ChessBase"]
[SourceDate "2018.10.10"]
[SourceVersion "1"]
[SourceVersionDate "2018.10.10"]
[SourceQuality "1"]
[WhiteTeam "Zabrze Gornik"]
[BlackTeam "Wroclaw Hetman"]
[WhiteTeamCountry "POL"]
[BlackTeamCountry "POL"]

1. e4 c5 2. Nc3 e6 3. f4 d5 4. Bb5+ Bd7 5. Bxd7+ Qxd7 6. Nf3 Nc6 7. d3 dxe4 8. Nxe4 Nh6 9. Be3 b6 10. 0-0 Nf5 11. Bf2 Be7 12. g4 Nfd4 13. c3 Nxf3+ 14. Qxf3 0-0-0 15. Rfd1 f5 16. gxf5 exf5 17. Nd2 Qd5 18. a4 Bf6 19. Rab1 Kc7 20. Be3 Rhe8 21. Qxd5 Rxd5 22. Kf2 Rxd3 23. Nc4 Rxd1 24. Rxd1 Re4 25. Nd6 Rxa4 26. Ne8+ Kc8 27. Nxf6 gxf6 28. Rd6 Ne7 29. Rxf6 Ra2 30. Bc1 Ra1 31. Bd2 Rb1 32. b4 Rb2 33. Ke1 Kd7 34. Rh6 a5 35. Rxb6 Nd5 36. Ra6 axb4 37. cxb4 cxb4 38. Ra7+ Nc7 39. Rb7 Rb1+ 40. Ke2 Rh1 41. Rxb4 Rxh2+ 42. Kd3 h5 43. Rd4+ Ke6 44. Ke3 Nd5+ 45. Kf3 h4 46. Be1 Rh1 47. Bf2 h3 48. Ra4 Nf6 49. Ra6+ Kf7 50. Bd4 Ne4 51. Ra1 Rh2 52. Ra6 Rd2 53. Be3 Rh2 54. Ra7+ Kg6 55. Ra6+ Kf7 56. Ra7+ Ke6 57. Ra6+ Kd5 58. Ra5+ Ke6 59. Ra6+ Ke7 60. Ra7+ Kf6 61. Ra6+ Ke7 62. Ra7+ Ke6 1/2-1/2

[Event "Katowice Fibak op"]
[Site "Katowice"]
[Date "1993.??.??"]
[Round "1"]
[White "Beshukov, Sergei"]
[Black "Wiliczkiewicz, Zdzislawa"]
[Result "1-0"]
[WhiteElo "2435"]
[BlackElo "2020"]
[PlyCount "81"]
[EventDate "1993.01.??"]
[EventType "swiss"]
[EventRounds "9"]
[EventCountry "POL"]
[SourceTitle "EXT 1998"]
[Source "ChessBase"]
[SourceDate "1997.11.17"]
[SourceVersion "1"]
[SourceVersionDate "1997.11.17"]
[SourceQuality "1"]

1. b3 d6 2. Bb2 e5 3. e3 Nf6 4. Nf3 Bg4 5. h3 Bh5 6. d3 Nc6 7. c4 Be7 8. Be2 0-0 9. 0-0 Re8 10. a3 a5 11. Nbd2 Bf8 12. Re1 Nb8 13. Nf1 c6 14. Ng3 Bxf3 15. Bxf3 Qc7 16. Qc2 Nbd7 17. d4 Rad8 18. b4 Rb8 19. Red1 Red8 20. Rac1 Rbc8 21. Qb3 Ra8 22. b5 c5 23. dxe5 dxe5 24. Bc3 Re8 25. Rb1 Nb6 26. Rd2 a4 27. Qa2 Rad8 28. Rbd1 Rxd2 29. Rxd2 e4 30. Be2 Qe7 31. Qc2 Nfd7 32. Nf5 Qe6 33. Bg4 Qxc4 34. Qb2 f6 35. Nxg7 Bxg7 36. Bxd7 Nxd7 37. Rxd7 b6 38. Bxf6 Bh6 39. Rd6 Qb3 40. Qe2 Kf7 41. Qh5+ 1-0

[Event "POL-chT 49th"]
[Site "Lubniewice"]
[Date "1993.??.??"]
[Round "5"]
[White "Pilarska, Czeslawa"]
[Black "Wiliczkiewicz, Zdzislawa"]
[Result "1-0"]
[WhiteElo "2210"]
[BlackElo "2015"]
[PlyCount "110"]
[EventDate "1993.09.23"]
[EventType "team-tourn"]
[EventRounds "11"]
[EventCountry "POL"]
[SourceTitle "TD"]
[Source "ChessBase"]
[SourceDate "1994.03.01"]
[SourceVersion "1"]
[SourceVersionDate "1994.03.01"]
[SourceQuality "1"]
[WhiteTeam "Gryfow Slaski Hetman"]
[BlackTeam "Zabrze Gornik"]
[WhiteTeamCountry "POL"]
[BlackTeamCountry "POL"]

1. e4 d6 2. d4 Nf6 3. Nc3 e5 4. Nf3 Nbd7 5. Be2 Be7 6. 0-0 0-0 7. h3 c6 8. a4 Re8 9. a5 Bf8 10. Bg5 Qc7 11. Re1 g6 12. Bc4 Bg7 13. Qd2 exd4 14. Nxd4 Nc5 15. f3 b5 16. axb6 Qxb6 17. Be3 Qc7 18. Nce2 Bb7 19. b4 Ncd7 20. Nc1 Ne5 21. Bf1 Nh5 22. Bf2 Nf6 23. Ncb3 d5 24. exd5 Nxd5 25. f4 Nd7 26. Rxe8+ Rxe8 27. Rxa7 Nxf4 28. Rxb7 Qxb7 29. Qxf4 Qxb4 30. Qc7 Ne5 31. Nxc6 Nxc6 32. Qxc6 Rd8 33. Qc5 Qf4 34. Qe3 Qd6 35. Qf3 Rc8 36. c4 Be5 37. c5 Qe6 38. Nd4 Qd7 39. Nb5 Qe6 40. Nd4 Qd7 41. Ne2 Rc6 42. Ng3 Rc8 43. Ne4 Kg7 44. g4 h6 45. Kg2 Qe6 46. Be2 Rb8 47. Qd3 Rb4 48. Bf3 Rb3 49. Qd1 Ra3 50. Nd6 h5 51. Bd5 Qd7 52. Nc4 Ra1 53. Nxe5 Rxd1 54. Nxd7 Rxd5 55. c6 Rd2 1-0

[Event "POL-chT 49th"]
[Site "Lubniewice"]
[Date "1993.??.??"]
[Round "7"]
[White "Sikora Gizynska, Bozena"]
[Black "Wiliczkiewicz, Zdzislawa"]
[Result "0-1"]
[WhiteElo "2185"]
[BlackElo "2015"]
[PlyCount "62"]
[EventDate "1993.09.23"]
[EventType "team-tourn"]
[EventRounds "11"]
[EventCountry "POL"]
[SourceTitle "TD"]
[Source "ChessBase"]
[SourceDate "1994.03.01"]
[SourceVersion "1"]
[SourceVersionDate "1994.03.01"]
[SourceQuality "1"]
[WhiteTeam "Bielsko-Biala Wlokniarz"]
[BlackTeam "Zabrze Gornik"]
[WhiteTeamCountry "POL"]
[BlackTeamCountry "POL"]

1. e4 e5 2. Bc4 f5 3. Nc3 Nf6 4. d3 Nc6 5. a3 Bc5 6. Nf3 h6 7. 0-0 d6 8. b4 Bb6 9. Nd5 Nxd5 10. Bxd5 Qf6 11. h3 f4 12. c3 g5 13. a4 a6 14. d4 g4 15. dxe5 dxe5 16. hxg4 Bxg4 17. Qd3 h5 18. Bb2 h4 19. Nh2 Bd7 20. Rfb1 Rh7 21. b5 axb5 22. axb5 Rxa1 23. Rxa1 Nd8 24. Qf3 Qg5 25. c4 h3 26. Rc1 Bc5 27. b6 cxb6 28. Kf1 hxg2+ 29. Kg1 Qh4 30. Qxg2 Bxf2+ 31. Kf1 Bh3 0-1

[Event "POL-chT 49th"]
[Site "Lubniewice"]
[Date "1993.??.??"]
[Round "2"]
[White "Wiliczkiewicz, Zdzislawa"]
[Black "Byczynska, Joanna"]
[Result "1/2-1/2"]
[WhiteElo "2015"]
[BlackElo "2050"]
[PlyCount "38"]
[EventDate "1993.09.23"]
[EventType "team-tourn"]
[EventRounds "11"]
[EventCountry "POL"]
[SourceTitle "TD"]
[Source "ChessBase"]
[SourceDate "1994.03.01"]
[SourceVersion "1"]
[SourceVersionDate "1994.03.01"]
[SourceQuality "1"]
[WhiteTeam "Zabrze Gornik"]
[BlackTeam "Bydgoszcz Chemik"]
[WhiteTeamCountry "POL"]
[BlackTeamCountry "POL"]

1. e4 c5 2. c3 d5 3. exd5 Qxd5 4. d4 Nf6 5. Nf3 e6 6. Na3 Qd8 7. Bf4 Nc6 8. dxc5 Qxd1+ 9. Rxd1 Bxc5 10. Nb5 0-0 11. Bc4 a6 12. Nd6 b5 13. Bb3 Rd8 14. Nxc8 Rxd1+ 15. Kxd1 Rxc8 16. Ke2 Rd8 17. Be3 Bxe3 18. Kxe3 Nd5+ 19. Bxd5 Rxd5 1/2-1/2

[Event "POL-chT 49th"]
[Site "Lubniewice"]
[Date "1993.??.??"]
[Round "4"]
[White "Wiliczkiewicz, Zdzislawa"]
[Black "Kaczorowska, Barbara"]
[Result "0-1"]
[WhiteElo "2015"]
[BlackElo "2230"]
[PlyCount "136"]
[EventDate "1993.09.23"]
[EventType "team-tourn"]
[EventRounds "11"]
[EventCountry "POL"]
[SourceTitle "TD"]
[Source "ChessBase"]
[SourceDate "1994.03.01"]
[SourceVersion "1"]
[SourceVersionDate "1994.03.01"]
[SourceQuality "1"]
[WhiteTeam "Zabrze Gornik"]
[BlackTeam "Gorzow Wielkopolski Stilon"]
[WhiteTeamCountry "POL"]
[BlackTeamCountry "POL"]

1. e4 c6 2. d4 d5 3. exd5 cxd5 4. Bd3 Nc6 5. c3 Qc7 6. Qb3 Nxd4 7. Qxd5 Nc6 8. Nf3 Nf6 9. Qb3 Bg4 10. Nbd2 e6 11. h3 Bh5 12. 0-0 Be7 13. Re1 0-0 14. Qc2 Rfd8 15. Ng5 h6 16. Nge4 Nd5 17. Ng3 Nf4 18. Bh7+ Kh8 19. Nxh5 Nxh5 20. Nf3 Qd6 21. Be4 Rac8 22. Bxc6 bxc6 23. Be3 Qc7 24. Rad1 Nf6 25. Rxd8+ Rxd8 26. Qa4 Nd5 27. Qxa7 Qxa7 28. Bxa7 Ra8 29. Be3 Rxa2 30. Bc1 Bd6 31. g3 Nb6 32. Rd1 Bc7 33. Nd4 c5 34. Nb5 Be5 35. b4 cxb4 36. cxb4 Ra1 37. Re1 Nc4 38. Rf1 Rb1 39. Be3 Rxb4 40. Nd4 Nxe3 41. fxe3 Bxd4 42. exd4 Kg8 43. Rd1 Rb5 44. Ra1 Rb3 45. Kf2 Rd3 46. Ra4 f5 47. Ra6 Kf7 48. Ra7+ Kf6 49. Rd7 h5 50. Rd8 h4 51. gxh4 Rxh3 52. Rh8 Rd3 53. Rd8 Ke7 54. Rg8 Kf7 55. Rd8 Rh3 56. Rh8 g5 57. h5 g4 58. h6 Kg6 59. Re8 Kf6 60. Rh8 Kg5 61. h7 Kf4 62. Re8 Rxh7 63. Rxe6 Rd7 64. Rf6 Rxd4 65. Ra6 g3+ 66. Kg2 Rd2+ 67. Kg1 Kg4 68. Rg6+ Kf3 0-1